<?xml version="1.0" encoding="UTF-8"?>
<record
    xmlns:xsi="http://www.w3.org/2001/XMLSchema-instance"
    xsi:schemaLocation="http://www.loc.gov/MARC21/slim http://www.loc.gov/standards/marcxml/schema/MARC21slim.xsd"
    xmlns="http://www.loc.gov/MARC21/slim">

  <leader>00996nam a22002417a 4500</leader>
  <controlfield tag="003">UA-OsUOA</controlfield>
  <controlfield tag="001"> 61052 </controlfield>
  <controlfield tag="007">ta</controlfield>
  <controlfield tag="008">20090615b un ||||| |||| 00| 0 ukr d</controlfield>
  <datafield tag="090" ind1=" " ind2=" ">
    <subfield code="a">81</subfield>
    <subfield code="b">&#x423;45</subfield>
  </datafield>
  <datafield tag="942" ind1=" " ind2=" ">
    <subfield code="c">MG</subfield>
  </datafield>
  <datafield tag="040" ind1=" " ind2=" ">
    <subfield code="a">UA-OsUOA</subfield>
    <subfield code="b">ukr</subfield>
    <subfield code="c">UA-OsUOA</subfield>
    <subfield code="d">UA-OsUOA</subfield>
  </datafield>
  <datafield tag="245" ind1=" " ind2=" ">
    <subfield code="a">&#x423;&#x43A;&#x440;&#x430;&#x457;&#x43D;&#x43E;&#x437;&#x43D;&#x430;&#x432;&#x441;&#x442;&#x432;&#x43E;</subfield>
    <subfield code="b">&#x417;&#x430;&#x441;&#x43D;&#x43E;&#x432;&#x43D;&#x438;&#x43A; - &#x41D;&#x430;&#x443;&#x43A;&#x43E;&#x432;&#x43E;-&#x434;&#x43E;&#x441;&#x43B;&#x456;&#x434;&#x43D;&#x438;&#x439; &#x456;&#x43D;&#x441;&#x442;&#x438;&#x442;&#x443;&#x442; &#x443;&#x43A;&#x440;&#x430;&#x457;&#x43D;&#x43E;&#x437;&#x43D;&#x430;&#x432;&#x441;&#x442;&#x432;&#x430; &#x41C;&#x456;&#x43D;&#x456;&#x441;&#x442;&#x435;&#x440;&#x441;&#x442;&#x432;&#x430; &#x43E;&#x441;&#x432;&#x456;&#x442;&#x438; &#x456; &#x43D;&#x430;&#x443;&#x43A;&#x438; &#x423;&#x43A;&#x440;&#x430;&#x457;&#x43D;&#x438;</subfield>
    <subfield code="c">&#x413;&#x43E;&#x43B;&#x43E;&#x432;&#x430; &#x43A;&#x43E;&#x43B;&#x435;&#x433;&#x456;&#x456; - &#x41A;&#x43E;&#x43D;&#x43E;&#x43D;&#x435;&#x43D;&#x43A;&#x43E; &#x41F;.&#x41F;.</subfield>
  </datafield>
  <datafield tag="300" ind1=" " ind2=" ">
    <subfield code="a">314 &#x441;.</subfield>
  </datafield>
  <datafield tag="955" ind1=" " ind2=" ">
    <subfield code="a">1</subfield>
  </datafield>
  <datafield tag="041" ind1=" " ind2=" ">
    <subfield code="a">ukr</subfield>
  </datafield>
  <datafield tag="080" ind1=" " ind2=" ">
    <subfield code="a">81</subfield>
  </datafield>
  <datafield tag="260" ind1=" " ind2=" ">
    <subfield code="a">&#x41A;.</subfield>
  </datafield>
  <datafield tag="246" ind1="3" ind2="1">
    <subfield code="a">&#x41D;&#x430;&#x443;&#x43A;&#x43E;&#x432;&#x438;&#x439; &#x433;&#x440;&#x43E;&#x43C;&#x430;&#x434;&#x441;&#x44C;&#x43A;&#x43E;-&#x43F;&#x43E;&#x43B;&#x456;&#x442;&#x438;&#x447;&#x43D;&#x438;&#x439;, &#x43A;&#x443;&#x43B;&#x44C;&#x442;&#x443;&#x440;&#x43D;&#x43E;-&#x43C;&#x438;&#x441;&#x442;&#x435;&#x446;&#x44C;&#x43A;&#x438;&#x439; , &#x440;&#x435;&#x43B;&#x456;&#x433;&#x456;&#x439;&#x43D;&#x43E;-&#x444;&#x456;&#x43B;&#x43E;&#x441;&#x43E;&#x444;&#x441;&#x44C;&#x43A;&#x438;&#x439; &#x43F;&#x435;&#x434;&#x430;&#x433;&#x43E;&#x433;&#x456;&#x447;&#x43D;&#x438;&#x439; &#x436;&#x443;&#x440;&#x43D;&#x430;&#x43B;</subfield>
    <subfield code="n"></subfield>
  </datafield>
  <datafield tag="044" ind1=" " ind2=" ">
    <subfield code="a">UA</subfield>
  </datafield>
  <datafield tag="962" ind1=" " ind2=" ">
    <subfield code="a">2001</subfield>
  </datafield>
  <datafield tag="650" ind1=" " ind2="7">
    <subfield code="a">8 &#x41C;&#x43E;&#x432;&#x43E;&#x437;&#x43D;&#x430;&#x432;&#x441;&#x442;&#x432;&#x43E;. &#x425;&#x443;&#x434;&#x43E;&#x436;&#x43D;&#x44F; &#x43B;&#x456;&#x442;&#x435;&#x440;&#x430;&#x442;&#x443;&#x440;&#x430;. &#x41B;&#x456;&#x442;&#x435;&#x440;&#x430;&#x442;&#x443;&#x440;&#x43E;&#x437;&#x43D;&#x430;&#x432;&#x441;&#x442;&#x432;&#x43E;</subfield>
    <subfield code="2">UDC</subfield>
  </datafield>
  <datafield tag="999" ind1=" " ind2=" ">
    <subfield code="c">347432</subfield>
    <subfield code="d">347432</subfield>
  </datafield>
</record>
